Entrepreneurship development in the North-east India (Record no. 5730)
[ view plain ]
| 000 -LEADER | |
|---|---|
| fixed length control field | 00575cam a2200193ua 4500 |
| 008 - FIXED-LENGTH DATA ELEMENTS--GENERAL INFORMATION | |
| fixed length control field | 140510n ii |||gr||||Z||||||eng |
| 020 ## - INTERNATIONAL STANDARD BOOK NUMBER | |
| International Standard Book Number | 978-81-7213-143-2 |
| 040 ## - CATALOGING SOURCE | |
| Transcribing agency | MAIN |
| 082 ## - DEWEY DECIMAL CLASSIFICATION NUMBER | |
| Classification number | 338.04 |
| 245 ## - TITLE STATEMENT | |
| Title | Entrepreneurship development in the North-east India |
| Statement of responsibility, etc. | ed by Ranjan Kumar Phukan |
| 260 ## - PUBLICATION, DISTRIBUTION, ETC. | |
| Place of publication, distribution, etc. | Guwahati: |
| Name of publisher, distributor, etc. | Purbanchal prakash, |
| Date of publication, distribution, etc. | 2012. |
| 300 ## - PHYSICAL DESCRIPTION | |
| Extent | x,230p. |
| 700 ## - ADDED ENTRY--PERSONAL NAME | |
| Personal name | Phookan,Ranjan Kumar, |
| Relator term | |
| 700 ## - ADDED ENTRY--PERSONAL NAME | |
| Personal name | Baruah,Ramen, |
| Relator term | |
| 942 ## - ADDED ENTRY ELEMENTS (KOHA) | |
| Koha item type | Books |
| 653 ## - INDEX TERM--UNCONTROLLED | |
| Uncontrolled term | Production |
| 653 ## - INDEX TERM--UNCONTROLLED | |
| Uncontrolled term | Entrepreneurship development in the North-east India |
| Withdrawn status | Lost status | Damaged status | Not for loan | Home library | Current library | Shelving location | Date acquired | Total Checkouts | Full call number | Barcode | Date last seen | Date last checked out | Copy number | Price effective from | Koha item type |
|---|---|---|---|---|---|---|---|---|---|---|---|---|---|---|---|
| Central Library, Naharkatiya College | Central Library, Naharkatiya College | General Stacks | 19/09/2020 | 2 | 338.04 | ENT | 20842 | 02/05/2023 | 25/04/2023 | 1 | 19/09/2020 | Books |
